000
00220nam a2200097Ia 4500
008
170619s9999 xx 000 0 und d
100
_a
Kumar- S
245
0
_a
Communication Skills
260
_b
Oxford Uni. Press
260
_c
2012
546
_a
ENGLISH
999
_c
21178
_d
21178